Journal of biorepository science for applied medicine

Detalles Bibliográficos
Formato: Electrónico Revista
Lenguaje:inglés
Publicado: Auckland, New Zealand : Dove Medical Press
Materias:
Acceso en línea:Full text available from Research Library: 01/01/2012 to 12/31/2012
Full text available from Research Library: 01/01/2014 to 01/31/2017

MARC

LEADER 00000nas a2200000 i 4500
001 ssj0001219408
003 WaSeSS
005 20200512172242.0
006 m d
007 cr n
008 140527u20uuuuuunz ar p|s|||||| |0eng d
022 |a 2253-1785  |l 2253-1785 
035 |a (WaSeSS)ssj0001219408 
040 |a WaSeSS  |b eng  |c WaSeSS  |d WaSeSS 
050 4 |a TP248.13 
210 1 |a J. biorepos. sci. appl. med. 
222 0 |a Journal of biorepository science for applied medicine 
245 0 0 |a Journal of biorepository science for applied medicine  |h [electronic resource]. 
260 |a Auckland, New Zealand :  |b Dove Medical Press 
310 |a Annual 
506 |a License restrictions may limit access. 
588 |a Description based on: Volume 1 (January 1, 2012); title from title screen (Academic OneFile, viewed May 27, 2014). 
588 |a Latest issue consulted: Volume 1 (January 1, 2012) (viewed May 27, 2014). 
650 0 |a Biotechnology  |v Periodicals. 
650 0 |a Medicine  |v Periodicals. 
650 0 |a Biological specimens  |v Periodicals. 
655 0 |a Electronic journals. 
856 4 0 |z Full text available from Research Library: 01/01/2012 to 12/31/2012  |u https://search.proquest.com/publication/3933135 
856 4 0 |z Full text available from Research Library: 01/01/2014 to 01/31/2017  |u https://search.proquest.com/publication/3933135